=LDR 00000nam 2200000 4500 =001 001030 =005 20250712031709 =035 ##$$a 0010-0725000909 =007 ta =008 250712################a##########0#ind## =020 ##$$a 978-623-118-856-4 =082 ##$$a 398.209 598 =084 ##$$a 398.209 598 HAP n =100 #$$a Happy rose =245 1#$$a Nasi basi tidak sia-sia /$c Happy rose =250 ##$$a Cetakan pertama =260 ##$$a Rawamangun :$b Badan pengembangan dan pembinaan bahasa,$c 2023 =300 ##$$a 28hlm. : $b Ilus. ; $c 21x29,7cm =650 #4$$a Cerita anak-indonesia